000 00768nam a2200229 a 4500
001 000042991
005 20201002040544.0
008 140214s1972 sp 000 0 spa d
040 _aDO-SdBNP
_bspa
_cBNPHU
082 _axxx
_bxxx
100 1 _aWilliams, Brad
_970500
240 1 0 _aConflict of interest.
_lEspañol
245 1 3 _aUn Conflicto de Intereses :
_b(Sam Benedict) /
_cBrad Williams, J. W. Ehrlich ; traducción de Iris Menéndez.
260 _aBarcelona :
_bBarral Editores,
_c1972.
300 _a228 p. ;
_c19 cm.
490 1 _aEdiciones de bolsillo
_anegra
_v5
490 1 _aPolicial
_v33
700 1 2 _aEhrlich, J. W.
_970501
700 1 2 _aMenéndez, Iris
_etr.
_969736
830 0 _aPolicial
_n33
_970502
830 0 _aEdiciones de bolsillo
_pNegra
_v5
_970503
999 _c42480
_d42480